[Event "Transnational Crown"]
[Site "Montreal CAN"]
[Date "2023.06.08"]
[Round "3.17"]
[White "Dukic, Zachary"]
[Black "Tanaka, Tyler"]
[Result "1/2-1/2"]
[WhiteElo "2151"]
[BlackElo "2315"]
[PlyCount "43"]
[EventDate "2023.06.06"]
[EventType "swiss"]
[EventRounds "9"]
[EventCountry "CAN"]

1. e4 c5 2. Nf3 Nc6 3. d4 cxd4 4. Nxd4 e6 5. Nc3 Qc7 6. Be3 a6 7. g4 b5 8. Nxc6
dxc6 9. Qf3 e5 10. h4 Be6 11. O-O-O Bb4 12. g5 Ne7 13. Bh3 Bxh3 14. Qxh3 Qc8
15. Qxc8+ Rxc8 16. Ne2 Rd8 17. Bb6 Rxd1+ 18. Rxd1 O-O 19. a3 Nc8 20. axb4 Nxb6
21. Rd6 Rc8 22. b3 1/2-1/2

[Event "Transnational Crown"]
[Site "Montreal CAN"]
[Date "2023.06.08"]
[Round "3.19"]
[White "Neiksans, Arturs"]
[Black "Kantane, Anna"]
[Result "1-0"]
[WhiteElo "2605"]
[BlackElo "2260"]
[PlyCount "87"]
[EventDate "2023.06.06"]
[EventType "swiss"]
[EventRounds "9"]
[EventCountry "CAN"]

1. e4 e5 2. Nf3 Nc6 3. Bc4 Nf6 4. d3 Bc5 5. c3 d6 6. O-O a6 7. a4 Ba7 8. Re1 h6
9. Nbd2 Ne7 10. Nf1 Ng6 11. Ng3 O-O 12. h3 c6 13. Bb3 Be6 14. d4 exd4 15. cxd4
Bxb3 16. Qxb3 Qd7 17. Qc2 Rae8 18. Be3 d5 19. e5 Nh7 20. Nf5 c5 21. Nd6 cxd4
22. Bxd4 Bxd4 23. Nxe8 Ba7 24. Nd6 Nxe5 25. Nxe5 Qxd6 26. Rad1 Nf6 27. Ng4 Nxg4
28. hxg4 g6 29. Qb3 Qf4 30. Qf3 Qxa4 31. Rxd5 Qb4 32. Re2 b5 33. g3 Qc4 34. Kg2
Bc5 35. Qe4 Qxe4+ 36. Rxe4 Rc8 37. Rd7 Bf8 38. Rf4 Bg7 39. b3 a5 40. Rfxf7 Bb2
41. Ra7 a4 42. bxa4 bxa4 43. Rfb7 a3 44. Rb6 1-0

[Event "Transnational Crown"]
[Site "Montreal CAN"]
[Date "2023.06.08"]
[Round "3.20"]
[White "Jaferian, Koosha"]
[Black "Vidyarthi, Vyom"]
[Result "1/2-1/2"]
[WhiteElo "2201"]
[BlackElo "2436"]
[PlyCount "60"]
[EventDate "2023.06.06"]
[EventType "swiss"]
[EventRounds "9"]
[EventCountry "CAN"]

1. d4 Nf6 2. Bf4 d5 3. Nf3 e6 4. e3 c5 5. Nbd2 Nc6 6. c3 cxd4 7. exd4 Nh5 8.
Be3 Bd6 9. Bd3 Nf4 10. Bxf4 Bxf4 11. g3 Bd6 12. O-O O-O 13. Re1 g6 14. a3 Qc7
15. Rc1 Rd8 16. Kg2 a6 17. h4 b5 18. h5 e5 19. Nxe5 Nxe5 20. dxe5 Bxe5 21. Nb3
Qd6 22. Nd4 Bd7 23. Be2 Rac8 24. Bf3 Rc4 25. Nc2 Be6 26. Qe2 Bf6 27. Rcd1 d4
28. Nxd4 Bxd4 29. Rxd4 Rxd4 30. cxd4 Qxd4 1/2-1/2

[Event "Transnational Crown"]
[Site "Montreal CAN"]
[Date "2023.06.08"]
[Round "3.21"]
[White "Plotkin, Victor"]
[Black "Wang, Tianqi"]
[Result "1-0"]
[WhiteElo "2170"]
[BlackElo "2361"]
[PlyCount "128"]
[EventDate "2023.06.06"]
[EventType "swiss"]
[EventRounds "9"]
[EventCountry "CAN"]

1. e4 c6 2. Nc3 d5 3. Nf3 Bg4 4. h3 Bxf3 5. Qxf3 e6 6. d4 Nf6 7. exd5 cxd5 8.
Bd3 Nc6 9. Ne2 Bd6 10. O-O h6 11. c3 O-O 12. Bf4 Rb8 13. a4 Bxf4 14. Nxf4 Qd6
15. Rfe1 Rbc8 16. Nh5 Qd8 17. Nxf6+ Qxf6 18. Qxf6 gxf6 19. f4 Rc7 20. g4 Kg7
21. Kf2 Re8 22. Re3 a6 23. h4 e5 24. dxe5 fxe5 25. Rd1 Rce7 26. Bb1 exf4 27.
Rxe7 Rxe7 28. Rxd5 Re3 29. Rf5 Rh3 30. Rxf4 Rh2+ 31. Ke3 Rxb2 32. Be4 Ne5 33.
Bd5 a5 34. Kd4 f6 35. g5 Rd2+ 36. Ke4 hxg5 37. hxg5 Nd7 38. Bxb7 Nc5+ 39. Ke3
fxg5 40. Rc4 Nb3 41. Rc7+ Kf8 42. Be4 Rh2 43. Bd5 Nc1 44. Ra7 Rh3+ 45. Ke4 Rxc3
46. Rxa5 Ke7 47. Ra7+ Kd6 48. Ra6+ Kc7 49. Rg6 Ra3 50. Rc6+ Kd7 51. Rxc1 Rxa4+
52. Ke5 Ra6 53. Rb1 Rh6 54. Rb4 Kc8 55. Rg4 Kb8 56. Kd4 Ra6 57. Kc5 Ra7 58.
Rxg5 Kc7 59. Bc6 Ra5+ 60. Bb5 Ra1 61. Rg7+ Kd8 62. Rd7+ Kc8 63. Kb6 Rb1 64. Rd4
Ra1 1-0

[Event "Transnational Crown"]
[Site "Montreal CAN"]
[Date "2023.06.08"]
[Round "3.22"]
[White "Krishnan, Varun"]
[Black "Ouellet, Maili-Jade"]
[Result "1-0"]
[WhiteElo "2378"]
[BlackElo "2243"]
[PlyCount "241"]
[EventDate "2023.06.06"]
[EventType "swiss"]
[EventRounds "9"]
[EventCountry "CAN"]

1. e4 c5 2. Nf3 d6 3. d4 cxd4 4. Nxd4 Nf6 5. Nc3 a6 6. h4 e5 7. Nb3 Be7 8. Be2
Be6 9. f4 exf4 10. Bxf4 Nc6 11. Qd2 Rc8 12. O-O-O Nb4 13. Kb1 d5 14. a3 Nxc2
15. Qxc2 Nxe4 16. Be5 Qb6 17. Ka1 O-O 18. Bd4 Qc7 19. Bd3 b5 20. Rc1 Qb8 21.
Bxe4 dxe4 22. Qxe4 b4 23. Nd5 Bxd5 24. Qxd5 bxa3 25. bxa3 Bxa3 26. Rxc8 Qxc8
27. Qg5 f6 28. Qa5 Be7 29. Qd5+ Kh8 30. Re1 Bb4 31. Rc1 Qe8 32. Qc6 Qf7 33. Qc4
Qb7 34. Bc5 Bxc5 35. Qxc5 Rb8 36. Rc3 h6 37. g3 a5 38. Qa3 Kh7 39. Qa4 f5 40.
Kb2 Qd5 41. Qc4 Qd7 42. Rd3 Qe8 43. Rd4 Qe5 44. Ka2 Qxg3 45. Qd5 Kh8 46. h5
Qh2+ 47. Rd2 Qxh5 48. Qe5 Re8 49. Qxa5 Qf7 50. Qc3 f4 51. Kb2 Qf5 52. Rf2 Qe4
53. Qc7 Rf8 54. Qd6 Rf6 55. Qc5 Kh7 56. Qc3 h5 57. Qc8 Qe5+ 58. Ka2 f3 59. Qc4
Qe3 60. Rh2 Qg5 61. Qd3+ Kh6 62. Rf2 h4 63. Qe4 Rf4 64. Qe8 Qg3 65. Qh8+ Kg6
66. Qe8+ Rf7 67. Rc2 Qf4 68. Qe6+ Rf6 69. Qe8+ Kh7 70. Qh5+ Qh6 71. Qd5 Qg6 72.
Rh2 Qg4 73. Qd3+ Kh6 74. Qe3+ Kh7 75. Qd3+ g6 76. Qe3 Qf4 77. Qe7+ Kh6 78. Rf2
g5 79. Qd8 Ra6+ 80. Kb1 Qf5+ 81. Rc2 Qf6 82. Qd2 Rb6 83. Ka2 Qf7 84. Qe3 Re6
85. Qf2 Kh5 86. Qc5 Ra6+ 87. Kb2 Qf6+ 88. Kb1 Rb6 89. Ka2 Re6 90. Qc7 Re7 91.
Qc5 Re5 92. Qa7 Qf5 93. Qf2 Qxc2+ 94. Qxc2 Re2 95. Nd2 h3 96. Qd3 g4 97. Kb3
Kh4 98. Nf1 Kg5 99. Qd8+ Kg6 100. Qd6+ Kg5 101. Qd5+ Kf4 102. Qd4+ Kg5 103.
Qg7+ Kf5 104. Ng3+ Kf4 105. Qc7+ Re5 106. Nh5+ Kf5 107. Qf7+ Ke4 108. Qf4+ Kd5
109. Nf6+ Ke6 110. Nxg4 Rd5 111. Qf6+ Kd7 112. Qxf3 Rd6 113. Qxh3 Ke7 114. Qh7+
Ke6 115. Qe4+ Kd7 116. Ne5+ Ke7 117. Ng6+ Kd7 118. Qe7+ Kc6 119. Ne5+ Kd5 120.
Nc4 Ra6 121. Qb7+ 1-0

[Event "Transnational Crown"]
[Site "Montreal CAN"]
[Date "2023.06.08"]
[Round "3.24"]
[White "Andersen, Gunnar"]
[Black "Demchenko, Svitlana"]
[Result "1-0"]
[WhiteElo "2283"]
[BlackElo "2173"]
[PlyCount "75"]
[EventDate "2023.06.06"]
[EventType "swiss"]
[EventRounds "9"]
[EventCountry "CAN"]

1. e4 e5 2. Nf3 Nc6 3. Bb5 g6 4. d4 exd4 5. Bg5 Be7 6. Bxe7 Qxe7 7. Bxc6 dxc6
8. Qxd4 Nf6 9. Nc3 Bg4 10. O-O-O c5 11. Qe3 Bd7 12. e5 Ng4 13. Qf4 Be6 14. Ne4
h5 15. h3 Nh6 16. g4 h4 17. Nf6+ Kf8 18. Nxh4 Kg7 19. Rhg1 Rad8 20. Qg5 Rxd1+
21. Rxd1 Ng8 22. Rd8 Qxd8 23. Nh5+ Rxh5 24. Qxd8 Rxe5 25. Qxc7 Rd5 26. Ng2 Rd7
27. Qxc5 Bd5 28. Ne3 Bc6 29. Qxa7 Nf6 30. b4 Ne4 31. f4 Nc3 32. Qc5 Ne4 33. Qc4
Nd6 34. Qc3+ f6 35. g5 Ne4 36. gxf6+ Nxf6 37. Ng4 Rd6 38. Qe5 1-0

[Event "Transnational Crown"]
[Site "Montreal CAN"]
[Date "2023.06.08"]
[Round "3.25"]
[White "Lawson, Eric"]
[Black "Xu, Daniel"]
[Result "1-0"]
[WhiteElo "2217"]
[BlackElo "2276"]
[PlyCount "115"]
[EventDate "2023.06.06"]
[EventType "swiss"]
[EventRounds "9"]
[EventCountry "CAN"]

1. e4 c5 2. Nc3 d6 3. d4 cxd4 4. Qxd4 Nf6 5. b3 e5 6. Qd2 a6 7. Bb2 Nbd7 8.
O-O-O b5 9. f3 Bb7 10. Kb1 Be7 11. g4 Rc8 12. Nge2 Nc5 13. Ng3 g6 14. g5 Nfd7
15. h4 h6 16. Bh3 hxg5 17. hxg5 Rf8 18. f4 exf4 19. Qxf4 Bxg5 20. Qxd6 Qc7 21.
Qd4 Bf6 22. e5 Bxe5 23. Bxd7+ Nxd7 24. Rhe1 f6 25. Qd3 Kd8 26. Nge4 Rf7 27. b4
Qc4 28. Nd6 Bxd6 29. Qxd6 Rc6 30. Qb8+ Bc8 31. Re4 Qf1 32. Qxc8+ Kxc8 33. Rxf1
Nb6 34. Ne2 Nc4 35. Bc1 Rfc7 36. Re8+ Kb7 37. Rg8 Ne5 38. c3 Re7 39. Kc2 Ng4
40. Nd4 Rc4 41. Rxg6 Ne5 42. Rgxf6 Rec7 43. Ne2 Rxb4 44. R6f4 a5 45. Rxb4 axb4
46. Rf5 Nc6 47. Rxb5+ Ka6 48. Rc5 bxc3 49. Kxc3 Na7 50. Rxc7 Nb5+ 51. Kb4 Nxc7
52. Nc3 Ne6 53. Be3 Nc7 54. Kc5 Ka5 55. Kc6 Kb4 56. Kxc7 Kxc3 57. Bd2+ Kc4 58.
Kc6 1-0

[Event "Transnational Crown"]
[Site "Montreal CAN"]
[Date "2023.06.08"]
[Round "3.26"]
[White "Golubeva, Oksana"]
[Black "Vidyarthi, Omya"]
[Result "1-0"]
[WhiteElo "2179"]
[BlackElo "2081"]
[PlyCount "83"]
[EventDate "2023.06.06"]
[EventType "swiss"]
[EventRounds "9"]
[EventCountry "CAN"]

1. Nf3 d5 2. e3 Nf6 3. c4 e6 4. Nc3 Be7 5. g4 c5 6. d4 dxc4 7. Bxc4 cxd4 8.
Nxd4 O-O 9. Qf3 Nfd7 10. Qg3 Nc6 11. Nxc6 bxc6 12. O-O Nb6 13. Rd1 Bh4 14. Rxd8
Bxg3 15. Rxf8+ Kxf8 16. hxg3 Nxc4 17. b3 Ne5 18. Ba3+ Kg8 19. g5 Ba6 20. Rd1
Nd3 21. Ne4 Rd8 22. f4 h5 23. g6 fxg6 24. Nc5 Bb5 25. e4 Kf7 26. Bb4 Ke8 27.
Ba5 Rd6 28. a4 Nxc5 29. Rxd6 Nb7 30. Rxe6+ Kd7 31. Rxg6 Nxa5 32. axb5 cxb5 33.
e5 Nxb3 34. Rxg7+ Ke6 35. Rxa7 Nd4 36. Ra6+ Kd5 37. Rd6+ Kc5 38. Rxd4 Kxd4 39.
e6 b4 40. e7 b3 41. e8=Q b2 42. Qg6 1-0

[Event "Transnational Crown"]
[Site "Montreal CAN"]
[Date "2023.06.09"]
[Round "4.1"]
[White "Liang, Awonder"]
[Black "Szabo, Gergely-Andras-Gyul"]
[Result "1-0"]
[WhiteElo "2651"]
[BlackElo "2504"]
[PlyCount "105"]
[EventDate "2023.06.06"]
[EventType "swiss"]
[EventRounds "9"]
[EventCountry "CAN"]

1. e4 e5 2. Nf3 Nc6 3. Bb5 a6 4. Ba4 Nf6 5. d3 d6 6. c3 Be7 7. O-O O-O 8. Re1
b5 9. Bc2 d5 10. Nbd2 d4 11. h3 Nd7 12. Nf1 Nc5 13. Ng3 g6 14. Bd2 Bf6 15. b4
dxc3 16. Bxc3 Ne6 17. Ne2 Qd6 18. Bb3 a5 19. bxa5 b4 20. Bb2 Rxa5 21. Qc2 Ba6
22. Rad1 Rd8 23. Bd5 Rxd5 24. exd5 Qxd5 25. Qb3 Nc5 26. Qxd5 Rxd5 27. Nf4 Rd6
28. Bxe5 Nxe5 29. Nxe5 Na4 30. Ng4 Bg5 31. g3 Bxf4 32. gxf4 Nb2 33. Rc1 Nxd3
34. Re8+ Kg7 35. Rxc7 Nxf4 36. Ree7 Nxh3+ 37. Kh2 Ng5 38. f4 Rd2+ 39. Kg3 Rd3+
40. Ne3 Kh6 41. fxg5+ Kxg5 42. Rc2 f5 43. Kf2 h5 44. Rc6 Rd2+ 45. Kg1 Rxa2 46.
Rg7 b3 47. Rgxg6+ Kf4 48. Rxa6 b2 49. Nd5+ Ke5 50. Nc3 Ra1+ 51. Kf2 Kd4 52.
Rac6 Rc1 53. Ne2+ 1-0

[Event "Transnational Crown"]
[Site "Montreal CAN"]
[Date "2023.06.09"]
[Round "4.2"]
[White "Bartel, Mateusz"]
[Black "Rodrigue-Lemieux, Shawn"]
[Result "1/2-1/2"]
[WhiteElo "2609"]
[BlackElo "2469"]
[PlyCount "45"]
[EventDate "2023.06.06"]
[EventType "swiss"]
[EventRounds "9"]
[EventCountry "CAN"]

1. e4 c6 2. d4 d5 3. e5 Bf5 4. Nf3 e6 5. c3 Nd7 6. Be2 c5 7. O-O Ne7 8. dxc5
Nxc5 9. Nd4 Nc6 10. Bb5 Rc8 11. b4 Bxb1 12. Rxb1 Nd7 13. Nxc6 bxc6 14. Ba6 Rb8
15. Re1 g6 16. Be3 Bg7 17. Bd4 O-O 18. Qe2 Qc7 19. Qe3 Rfd8 20. c4 dxc4 21.
Bxc4 c5 22. Bxc5 Nxc5 23. Qxc5 1/2-1/2

[Event "Transnational Crown"]
[Site "Montreal CAN"]
[Date "2023.06.09"]
[Round "4.3"]
[White "Moradiabadi, Elshan"]
[Black "Matviishen, Viktor"]
[Result "1/2-1/2"]
[WhiteElo "2520"]
[BlackElo "2538"]
[PlyCount "115"]
[EventDate "2023.06.06"]
[EventType "swiss"]
[EventRounds "9"]
[EventCountry "CAN"]

1. d4 Nf6 2. c4 e6 3. Nf3 b6 4. g3 Ba6 5. Nbd2 Bb4 6. Qc2 Bb7 7. Bg2 Be4 8. Qb3
Bxd2+ 9. Bxd2 O-O 10. O-O d6 11. Rfd1 Qe7 12. Rac1 Nbd7 13. Bh3 Bf5 14. Bg2 Be4
15. Bh3 Bf5 16. Bf1 h6 17. Nh4 Bh7 18. Ng2 e5 19. dxe5 dxe5 20. Ne3 c6 21. Bb4
Nc5 22. Qa3 Rfd8 23. Bxc5 bxc5 24. Qa4 Qb7 25. b3 Rd4 26. Bg2 Ne4 27. Qa5 Qb6
28. Qe1 Qb4 29. Qxb4 cxb4 30. Bxe4 Bxe4 31. f3 Bg6 32. c5 Rad8 33. Rxd4 Rxd4
34. Nc4 f6 35. Kf2 Kf8 36. Na5 Be8 37. Rc2 Ke7 38. e3 Rd8 39. e4 Rb8 40. Nc4
Bf7 41. Nd6 Be6 42. f4 a5 43. Ke3 exf4+ 44. gxf4 a4 45. bxa4 Ra8 46. f5 Bg8 47.
Rg2 Kf8 48. Rd2 Rxa4 49. Nc8 Ke8 50. Nd6+ Kd7 51. Rg2 Bxa2 52. Rxg7+ Kd8 53. e5
fxe5 54. f6 b3 55. Nb7+ Kc8 56. Nd6+ Kd8 57. Nb7+ Kc8 58. Nd6+ 1/2-1/2

[Event "Transnational Crown"]
[Site "Montreal CAN"]
[Date "2023.06.09"]
[Round "4.6"]
[White "Meshkovs, Nikita"]
[Black "Sambuev, Bator"]
[Result "0-1"]
[WhiteElo "2573"]
[BlackElo "2448"]
[PlyCount "60"]
[EventDate "2023.06.06"]
[EventType "swiss"]
[EventRounds "9"]
[EventCountry "CAN"]

1. d4 e6 2. Nf3 Nf6 3. g3 d5 4. Bg2 c5 5. c4 dxc4 6. O-O Nc6 7. Qa4 Bd7 8. Qxc4
b5 9. Qd3 c4 10. Qd1 Rc8 11. a4 b4 12. Ne5 Nxe5 13. dxe5 Ng4 14. Qd4 h5 15. h3
Bc5 16. Qf4 Bxf2+ 17. Rxf2 Nxf2 18. Kxf2 O-O 19. Be3 f6 20. Bf3 Bc6 21. Bc5
Bxf3 22. Bxf8 Bb7 23. Bd6 fxe5 24. Bxe5 Qd5 25. Bd6 Rd8 26. Qe5 Rxd6 27. Qxd5
Rxd5 28. Ke1 Rg5 29. Kf2 Rf5+ 30. Ke1 Bg2 0-1

[Event "Transnational Crown"]
[Site "Montreal CAN"]
[Date "2023.06.09"]
[Round "4.7"]
[White "Lee, Alice"]
[Black "Lenderman, Alexandr"]
[Result "1/2-1/2"]
[WhiteElo "2390"]
[BlackElo "2566"]
[PlyCount "60"]
[EventDate "2023.06.06"]
[EventType "swiss"]
[EventRounds "9"]
[EventCountry "CAN"]

1. d4 Nf6 2. c4 e6 3. Nf3 d5 4. Nc3 Bb4 5. Bg5 h6 6. Bxf6 Qxf6 7. e3 O-O 8. Rc1
dxc4 9. Bxc4 c5 10. O-O cxd4 11. Nxd4 Bd7 12. Qb3 Nc6 13. Nxc6 Bxc3 14. Qxc3
Bxc6 15. Qxf6 gxf6 16. Rfd1 Rfd8 17. Bb3 Kf8 18. f3 Ke7 19. Rxd8 Rxd8 20. Rd1
Rxd1+ 21. Bxd1 f5 22. Kf2 Kf6 23. h3 b6 24. g4 fxg4 25. hxg4 e5 26. f4 Bd7 27.
Kf3 Bc6+ 28. Kf2 Bd7 29. Kf3 Bc6+ 30. Kf2 Bd7 1/2-1/2

[Event "Transnational Crown"]
[Site "Montreal CAN"]
[Date "2023.06.09"]
[Round "4.9"]
[White "Woodward, Andy"]
[Black "Msellek, Ilyass"]
[Result "1-0"]
[WhiteElo "2466"]
[BlackElo "2405"]
[PlyCount "59"]
[EventDate "2023.06.06"]
[EventType "swiss"]
[EventRounds "9"]
[EventCountry "CAN"]

1. d4 Nf6 2. c4 e6 3. Nf3 d5 4. g3 Be7 5. Bg2 O-O 6. O-O a5 7. Nc3 c6 8. b3 b6
9. Re1 Ba6 10. Nd2 b5 11. c5 e5 12. dxe5 Ng4 13. Bb2 Bxc5 14. e3 Nxe5 15. Nxd5
Nd3 16. Nf6+ Kh8 17. Qh5 h6 18. Qf5 g6 19. Qh3 Kg7 20. Ne8+ Kh7 21. Ne4 Rxe8
22. Nf6+ Kg7 23. Nxe8+ Kf8 24. Bf6 Qd7 25. Qxh6+ Kxe8 26. Red1 Qf5 27. Qh8+ Bf8
28. Bg7 Nd7 29. Rxd3 Qxd3 30. Bxf8 1-0

[Event "Transnational Crown"]
[Site "Montreal CAN"]
[Date "2023.06.09"]
[Round "4.10"]
[White "Han, Johnathan"]
[Black "Korley, Kassa"]
[Result "1/2-1/2"]
[WhiteElo "2140"]
[BlackElo "2461"]
[PlyCount "143"]
[EventDate "2023.06.06"]
[EventType "swiss"]
[EventRounds "9"]
[EventCountry "CAN"]

1. e4 e6 2. d4 d5 3. Nc3 dxe4 4. Nxe4 Nd7 5. Nf3 Ngf6 6. Nxf6+ Nxf6 7. Bg5 c5
8. Bd3 cxd4 9. Nxd4 Bc5 10. Nb3 Be7 11. O-O O-O 12. Qf3 Qc7 13. Rfe1 Rd8 14.
Rad1 a5 15. c3 a4 16. Nd4 Ra5 17. Bh4 Rad5 18. Bg3 Qc5 19. Qe2 Nh5 20. Be4 Nxg3
21. hxg3 R5d6 22. a3 g6 23. Nf3 Qb6 24. Rxd6 Bxd6 25. Rd1 Bd7 26. Rd2 Be8 27.
Qd1 Be7 28. Rxd8 Bxd8 29. Qd2 Be7 30. g4 Bc5 31. Ne5 Qc7 32. Nd3 Bd6 33. Qe3
Bb5 34. Qd4 b6 35. Bf3 Bc4 36. Nb4 Bc5 37. Qd2 Kg7 38. Nc6 b5 39. Nb4 Qe5 40.
Nc6 Qc7 41. Nb4 Bd6 42. g3 h6 43. Kg2 Be7 44. Qd4+ Bf6 45. Qd1 Qc5 46. Qd7 Qe5
47. Nc6 Qe1 48. Qd1 Qxd1 49. Bxd1 e5 50. Bf3 Bd3 51. Nb4 Bc4 52. Nc6 Kf8 53.
Na7 Bg5 54. Bc6 Bc1 55. Nxb5 Bxb2 56. Kf3 Ke7 57. Ke3 Bc1+ 58. Ke4 Ke6 59. Kf3
f5 60. gxf5+ gxf5 61. g4 e4+ 62. Kg2 fxg4 63. Nd4+ Kf6 64. Bxe4 Bb2 65. Nf5 h5
66. Ne3 Bb3 67. Bc6 Ke5 68. Bxa4 Be6 69. Bb5 Bxa3 70. Be8 h4 71. Bh5 Kf4 72.
Bxg4 1/2-1/2

[Event "Transnational Crown"]
[Site "Montreal CAN"]
[Date "2023.06.09"]
[Round "4.12"]
[White "Tanaka, Tyler"]
[Black "Neiksans, Arturs"]
[Result "0-1"]
[WhiteElo "2315"]
[BlackElo "2605"]
[PlyCount "96"]
[EventDate "2023.06.06"]
[EventType "swiss"]
[EventRounds "9"]
[EventCountry "CAN"]

1. e4 c5 2. Nf3 e6 3. c3 d5 4. exd5 Qxd5 5. Na3 Nf6 6. d4 a6 7. Nc4 Nbd7 8. a4
cxd4 9. Nxd4 Bc5 10. Be3 O-O 11. Be2 Qxg2 12. Bf3 Qg6 13. Kf1 h5 14. Rg1 Qh7
15. Rg5 Be7 16. h3 g6 17. Rg1 Re8 18. Qc2 Bf8 19. Rd1 Kh8 20. Bh1 Nd5 21. Bc1
b5 22. Na5 N7f6 23. Nac6 e5 24. Nf3 Bxh3+ 25. Ke1 Bd7 26. Ng5 Qg8 27. Na5 e4
28. Qb3 Re5 29. Be3 Nxe3 30. Nxf7+ Kh7 31. Nxe5 Qxb3 32. Nxb3 Nxd1 33. Nxd7
Nxd7 34. Kxd1 Nf6 35. axb5 axb5 36. Re1 Ng4 37. Re2 Re8 38. Nd4 e3 39. fxe3
Nxe3+ 40. Ke1 b4 41. Bc6 Re5 42. Nf3 Rc5 43. Be4 bxc3 44. bxc3 Nf5 45. Ng5+ Kg8
46. Kd2 Bh6 47. Rg2 Nh4 48. Rg1 Rxg5 0-1

[Event "Transnational Crown"]
[Site "Montreal CAN"]
[Date "2023.06.09"]
[Round "4.13"]
[White "Zheng, Richard"]
[Black "Bosiocic, Marin"]
[Result "0-1"]
[WhiteElo "2192"]
[BlackElo "2543"]
[PlyCount "62"]
[EventDate "2023.06.06"]
[EventType "swiss"]
[EventRounds "9"]
[EventCountry "CAN"]

1. d4 d6 2. e4 Nf6 3. Nc3 g6 4. Be3 c6 5. Qd2 b5 6. Bd3 Nbd7 7. Nf3 e5 8. a4 b4
9. Ne2 exd4 10. Nexd4 c5 11. Ne2 Bg7 12. Bh6 O-O 13. Bxg7 Kxg7 14. Ng3 Ne5 15.
Nxe5 dxe5 16. Qg5 Qd4 17. Ne2 Nxe4 18. Qh4 Qxb2 19. O-O Nc3 20. Ng3 f6 21. Qc4
Bb7 22. Qxc5 Rf7 23. f3 Rc8 24. Qxa7 Bxf3 25. Qb6 Bd5 26. Qa6 Rc6 27. Qa5 e4
28. Rab1 Nxb1 29. Qxd5 exd3 30. Qxc6 Qd4+ 31. Kh1 d2 0-1

[Event "Transnational Crown"]
[Site "Montreal CAN"]
[Date "2023.06.09"]
[Round "4.14"]
[White "Ortiz Suarez, Isan Reynaldo"]
[Black "Plotkin, Victor"]
[Result "1-0"]
[WhiteElo "2503"]
[BlackElo "2170"]
[PlyCount "109"]
[EventDate "2023.06.06"]
[EventType "swiss"]
[EventRounds "9"]
[EventCountry "CAN"]

1. e4 e5 2. Bc4 Nf6 3. d3 Nc6 4. Nf3 Bc5 5. O-O d6 6. c3 a5 7. Nbd2 O-O 8. h3
Bb6 9. Bb3 h6 10. Re1 Re8 11. Nf1 Ne7 12. Nh4 Be6 13. Ng3 Bxb3 14. axb3 Kh7 15.
Qf3 Neg8 16. Nhf5 g6 17. Ne3 c6 18. Bd2 Qd7 19. c4 Qe6 20. Ra3 Ra6 21. Rea1
Rea8 22. Bc3 Nd7 23. Nc2 Qf6 24. Qe2 Nc5 25. d4 Ne6 26. d5 Nf4 27. Qf1 Ne7 28.
Bd2 Qg5 29. Kh2 Qf6 30. Be3 h5 31. b4 h4 32. b5 Bxe3 33. bxa6 hxg3+ 34. fxg3
Bc5 35. Rf3 g5 36. axb7 Rb8 37. Rxa5 cxd5 38. cxd5 Rxb7 39. gxf4 exf4 40. b4
Bxb4 41. Rb3 Bxa5 42. Rxb7 Bc3 43. Ne1 Bxe1 44. Qxe1 Ng6 45. Qe2 Kg7 46. Rb8
Qe5 47. Qb2 Kf6 48. Kg1 Qxb2 49. Rxb2 Ke5 50. Rb4 Nh4 51. Kf2 f5 52. exf5 Nxf5
53. Rb8 Ne3 54. Re8+ Kf5 55. g4+ 1-0

[Event "Transnational Crown"]
[Site "Montreal CAN"]
[Date "2023.06.09"]
[Round "4.15"]
[White "Song, Edward"]
[Black "Kantans, Toms"]
[Result "0-1"]
[WhiteElo "2375"]
[BlackElo "2486"]
[PlyCount "132"]
[EventDate "2023.06.06"]
[EventType "swiss"]
[EventRounds "9"]
[EventCountry "CAN"]

1. e4 c5 2. Nf3 d6 3. d4 cxd4 4. Nxd4 Nf6 5. Nc3 a6 6. h3 e5 7. Nde2 h5 8. g3
Be7 9. Bg2 b5 10. Nd5 Nxd5 11. Qxd5 Ra7 12. Be3 Rb7 13. Qd2 Nd7 14. Nc3 Nb6 15.
b3 Be6 16. O-O Qc8 17. Kh2 h4 18. g4 Rc7 19. Nxb5 axb5 20. Bxb6 Rxc2 21. Qd3
Bg5 22. Qxb5+ Ke7 23. Rfd1 Qb8 24. Qd3 Bf4+ 25. Kg1 Rhc8 26. Ba5 R8c6 27. Bd2
Qa7 28. Be3 Bxe3 29. Qxe3 Qxe3 30. fxe3 Ra6 31. Rdb1 Ra3 32. Bf1 Kd8 33. Bb5
Raxa2 34. Rxa2 Rxa2 35. b4 Rc2 36. Bf1 Ba2 37. Ra1 Rb2 38. b5 Kd7 39. Bd3 Kc7
40. Bf1 Be6 41. Ra7+ Kb8 42. Ra6 Rd2 43. Rb6+ Kc7 44. Ra6 Bc8 45. Rc6+ Kd7 46.
Rb6 Rc2 47. Rb8 Kc7 48. Ra8 Kb6 49. Bd3 Rc3 50. Bf1 Kb7 51. Ra6 Kc7 52. Ra8
Rxe3 53. b6+ Kb7 54. Ra7+ Kxb6 55. Rxf7 Rxe4 56. Rxg7 Rf4 57. Rh7 e4 58. Rxh4
d5 59. Rh8 Bd7 60. Be2 d4 61. Rh6+ Kc7 62. Rh5 Be6 63. Kg2 d3 64. Bd1 Kd6 65.
Ra5 e3 66. Ra3 Bc4 0-1

[Event "Transnational Crown"]
[Site "Montreal CAN"]
[Date "2023.06.09"]
[Round "4.16"]
[White "Posthuma, Joshua"]
[Black "Hua, Eugene"]
[Result "1-0"]
[WhiteElo "2457"]
[BlackElo "2275"]
[PlyCount "63"]
[EventDate "2023.06.06"]
[EventType "swiss"]
[EventRounds "9"]
[EventCountry "CAN"]

1. d4 Nf6 2. c4 e6 3. g3 d5 4. Bg2 Be7 5. Nf3 O-O 6. O-O c6 7. Nc3 Nbd7 8. Nd2
Nb6 9. b3 c5 10. dxc5 Bxc5 11. Bb2 dxc4 12. bxc4 e5 13. Nd5 Be6 14. e4 Bd4 15.
Bxd4 exd4 16. Qb3 Bxd5 17. cxd5 Nfd7 18. Qd3 Qf6 19. Nf3 Nc5 20. Qxd4 Qxd4 21.
Nxd4 Rfe8 22. Rfe1 g6 23. Nb5 Red8 24. Rad1 a6 25. Nc7 Rac8 26. d6 f6 27. f4
Kf7 28. e5 Ne6 29. Bxb7 Nxc7 30. Bxc8 Rxc8 31. dxc7 Rxc7 32. Rd6 1-0

[Event "Transnational Crown"]
[Site "Montreal CAN"]
[Date "2023.06.09"]
[Round "4.18"]
[White "Vidyarthi, Vyom"]
[Black "Dukic, Zachary"]
[Result "1-0"]
[WhiteElo "2436"]
[BlackElo "2151"]
[PlyCount "81"]
[EventDate "2023.06.06"]
[EventType "swiss"]
[EventRounds "9"]
[EventCountry "CAN"]

1. d4 Nf6 2. c4 g6 3. g3 Bg7 4. Bg2 O-O 5. Nc3 d6 6. Nf3 Nc6 7. O-O e5 8. Re1
Re8 9. d5 Nb8 10. e4 a5 11. a3 Bd7 12. Be3 Ng4 13. Bd2 a4 14. h3 Nf6 15. Kh2
Rf8 16. c5 Qe8 17. Be3 Na6 18. cxd6 cxd6 19. b3 Rc8 20. Rc1 axb3 21. Qxb3 Rxc3
22. Rxc3 Nxe4 23. Rcc1 Nec5 24. Qb6 Qb8 25. Rb1 Bf5 26. Rbd1 Rc8 27. Bf1 Na4
28. Qa5 N6c5 29. Qb4 Qa8 30. Nd2 e4 31. Bd4 Bxd4 32. Qxd4 Qa5 33. g4 Bd7 34.
Nc4 Qc7 35. Qf6 b5 36. Nd2 Re8 37. Bg2 Nd3 38. Nxe4 Nxe1 39. Rxe1 Nc3 40. Ng5
Rf8 41. Re7 1-0

[Event "Transnational Crown"]
[Site "Montreal CAN"]
[Date "2023.06.09"]
[Round "4.19"]
[White "Cervantes Landeiro, Thalia"]
[Black "Krishnan, Varun"]
[Result "1-0"]
[WhiteElo "2271"]
[BlackElo "2378"]
[PlyCount "125"]
[EventDate "2023.06.06"]
[EventType "swiss"]
[EventRounds "9"]
[EventCountry "CAN"]

1. d4 d5 2. c4 e6 3. Nc3 c6 4. e3 Nf6 5. Nf3 Nbd7 6. Bd3 dxc4 7. Bxc4 b5 8. Bd3
a6 9. O-O c5 10. a4 b4 11. Ne4 Bb7 12. Nxc5 Nxc5 13. dxc5 Bxc5 14. Qe2 Qe7 15.
e4 e5 16. Nh4 g6 17. Nf3 O-O 18. Bg5 Kg7 19. Rac1 Rfd8 20. Bc4 Bb6 21. a5 Bc7
22. Qe3 Bxa5 23. Bh6+ Kg8 24. Ng5 Rf8 25. Bxf8 Rxf8 26. Ra1 Bd8 27. h3 a5 28.
Rfd1 Kg7 29. Qa7 Bxe4 30. Qxe7 Bxe7 31. Rxa5 Bc2 32. Rd2 b3 33. Ra7 Ng8 34. Nf3
e4 35. Nd4 Bb4 36. Re2 Rc8 37. Rxf7+ Kh6 38. Nxc2 bxc2 39. Rxc2 Bd6 40. b3 Ra8
41. g4 Be5 42. h4 Ra5 43. Re2 g5 44. Rxe4 gxh4 45. Rf5 Ra1+ 46. Kg2 Bc7 47.
Re6+ Kg7 48. Rg5+ Kf8 49. Rxg8+ Kxg8 50. Re1+ Kg7 51. Rxa1 Be5 52. Re1 Kf6 53.
b4 Bc3 54. Re6+ Kg5 55. b5 Kxg4 56. b6 h3+ 57. Kh1 Ba5 58. b7 Bc7 59. Rc6 Bf4
60. Be6+ Kf3 61. Bxh3 Kxf2 62. Rf6 Kg3 63. Rxf4 1-0